000 00654nam a2200241 4500
999 _c9988
_d9988
003 OSt
005 20180828120739.0
008 850328s1933 nyu 000 1 eng
020 _a0156106507
040 _dUtOrBLW
_cWPLRC
050 1 0 _aPZ3.M1926
_bBam9
_aPS3525.A24785
082 0 0 _a813/.52
091 _aFIC
100 1 _aMcKay, Claude,
_d1890-1948.
245 1 0 _aBanana Bottom /
_cClaude McKay.
260 _aNew York :
_bHarcourt Brace & Company,
_cc1933.
300 _a315 p. ;
_c21 cm.
500 _aCopyright renewal date 1961.
901 _alis
908 1 0 _aPZ3.M1926
_aPS3525.A24785
942 _2ddc
_cBK